00750nam a22002057a 450000500170000001000150001702000260003203500130005803700130007108200150008410000210009924500730012026000400019327000760023330000200030950000410032994200290037099900170039995201280041620150521115828.0 aENG-112700 a9789380651538c850.00 aEN-96232 bDBAD/PUB a302.230954 aRituraj, Arvind  aDialogues with the masses : cby Arvind Riturajbin ancient India /  aDelhi bVidyanidhi Prakashan c2013 aD-10/1061, (Near Shri Mahagauri Mandir), Khajuri Khas, bDelhi e110094 a288p.c23cm(Hb) aIncludes bibliographical references  2ddccENmRITh302.230954 c92912d92912 001040718NFICaDBADbDBADd2015-04-13eDBAD/PUBg850.00l0o302.230954 RITpEN-96232r2015-04-13 00:00:00t1v850.00yEN